书目信息 |
| 题名: |
超临界萃取的原理和应用
|
|
| 作者: | 陈维杻 | |
| 分册: | ||
| 出版信息: | 北京 化学工业出版社 1998 |
|
| 页数: | 204 | |
| 开本: | 20cm | |
| 丛书名: | ||
| 单 册: | ||
| 中图分类: | TQ420.6 | |
| 科图分类: | ||
| 主题词: | 化学试剂--生产 , 高纯物质--生产 | |
| 电子资源: | ||
| ISBN: | 7-5025-2115-1 | |
| 000 | 00565nam0 2200193 450 | |
| 001 | 0741144344 | |
| 005 | 20070817112544.34 | |
| 010 | @a7-5025-2115-1@d¥15.00 | |
| 100 | @a20070817d km y0chiy0120 ea | |
| 101 | 0 | @achi |
| 200 | 1 | @a超临界萃取的原理和应用@Achao lin jie cui qu de yuan li he ying yong@f陈维杻@Fchen wei niu |
| 210 | @a北京@c化学工业出版社@d1998 | |
| 215 | @a204@d20cm | |
| 606 | 0 | @a化学试剂@x生产 |
| 606 | 0 | @a高纯物质@x生产 |
| 690 | @aTQ420.6@v3 | |
| 701 | 0 | @a陈维杻@Achen wei niu |
| 801 | 0 | @aCN@bPFT@c20070817 |
| 905 | @a213230@dTQ420.6@en2@f1 | |
| 超临界萃取的原理和应用/陈维杻.-北京:化学工业出版社,1998 |
| 204;20cm |
| ISBN 7-5025-2115-1:¥15.00 |
| ● |
| 相关链接 |
|
|
|
|
正题名:超临界萃取的原理和应用
索取号:TQ420.6/n2
 
预约/预借
| 序号 | 登录号 | 条形码 | 馆藏地/架位号 | 状态 | 备注 |
| 1 | 6600708 | 266007082 | 密集书库-生命科学系/ [索取号:TQ420.6/n2] | 在馆 |